000 00423nam a2200181Ia 4500
001 7407
005 20260306160453.0
008 260306t2006||||xx |||||||||||||| ||spa||
041 _aESP
082 _a338.91
_bT12 2006
100 _aGawryckiego, Marcina Floriana
_eAUT
245 0 _aAmeryka lacinska
260 _c2006
300 _a385 páginas :
_ccm.
650 _aGEN
654 _aCAN
942 _cLIB
_dJUS
_fJUS
_2ddc
_n
999 _c7407
_d7407